| 000 | 00500nam a2200169Ia 4500 | ||
|---|---|---|---|
| 003 | SISC | ||
| 005 | 20180912134454.0 | ||
| 008 | 180905s9999 xx 000 0 und d | ||
| 020 | _a9780439254151 | ||
| 050 | _aPE 1591 .SCH368 2001 | ||
| 245 | _aScholastic dictionary of synonyms, antonyms and homonyms | ||
| 260 |
_aNY : _bScholastic Inc., _c2001 |
||
| 300 |
_a220 pages: _c19 cm. |
||
| 650 | _aEnglish language--Homonyms | ||
| 650 | _aEnglish language--Synonyms and antonyms | ||
| 942 |
_2lcc _cBK |
||
| 999 |
_c358581 _d358581 |
||